| 000 | 00475nam a2200181 a 4500 | ||
|---|---|---|---|
| 001 | 1770212244388 | ||
| 003 | YourLibrary | ||
| 005 | 20260204191113.0 | ||
| 008 | 260204s1999##################000#0#eng## | ||
| 020 | _a9780762305735 | ||
| 082 | 0 | 4 |
_a302.35 _bSUT.21 |
| 100 | 1 |
_aSutton, R.I., _eauthor. |
|
| 245 | 1 | 0 | _aResearch in Organizational Behavior : |
| 260 |
_bJAI Press, _c1999. |
||
| 650 | 0 | _aPsychology. | |
| 942 | _cENGLISH | ||
| 040 |
_aYourLibrary _beng _cYourLibrary |
||
| 999 |
_c610220 _d610220 |
||